000 00688nam a22001217a 4500
008 110617t xxu||||| |||| 00| 0 eng d
010 _aCACAF58
245 _aCourt of Appeal Civil Appeal No. 68 OF 2000 Micheal Okwalinga and another Vs Francis Nyende and another
260 _c2000
500 _aCoram: Hon. Lady Justice A.E.N. Mpagi-Bahigeine, JA Hon. Mr. Justice S.G. Engwau, JA Hon. Mr. Justice A. Twinomujuni, JA
500 _aAn Appeal from the judgement and orders of the High Court at Kampala Lugayizi J. dated 31st August, 1999 in Civil Suit No. 1203 of 1997
999 _c3216
_d3216